Planning the new office (Record no. 163200)

MARC details
000 -LEADER
fixed length control field 00397nam a22001697a 4500
003 - CONTROL NUMBER IDENTIFIER
control field OSt
020 ## - INTERNATIONAL STANDARD BOOK NUMBER
International Standard Book Number 0070547211
082 ## - DEWEY DECIMAL CLASSIFICATION NUMBER
Classification number 658.2
Item number SAP/PL
100 ## - MAIN ENTRY--PERSONAL NAME
Personal name Saphier, Michael
245 ## - TITLE STATEMENT
Title Planning the new office
260 ## - PUBLICATION, DISTRIBUTION, ETC. (IMPRINT)
Place of publication, distribution, etc New York
Name of publisher, distributor, etc McGraw-Hill Book Company
Date of publication, distribution, etc 1978
300 ## - PHYSICAL DESCRIPTION
Extent 230p.
546 ## - LANGUAGE
Language note English
650 ## - SUBJECT ADDED ENTRY--TOPICAL TERM
Topical term or geographic name as entry element Office layout
650 ## - SUBJECT ADDED ENTRY--TOPICAL TERM
Topical term or geographic name as entry element Business relocation
942 ## - ADDED ENTRY ELEMENTS (KOHA)
Source of classification or shelving scheme Dewey Decimal Classification
Koha item type Books (General)
Holdings
Lost status Source of classification or shelving scheme Damaged status Not for loan Collection code Home library Current library Shelving location Date acquired Total Checkouts Full call number Barcode Date last seen Koha item type Public note
  Dewey Decimal Classification     General KAU Central Library, Thrissur KAU Central Library, Thrissur General 07/01/2019   658.2 SAP/PL 906686 07/01/2019 Books (General) Book transferred from CoH Library, Acc.No:17250
  Dewey Decimal Classification     General KAU Central Library, Thrissur KAU Central Library, Thrissur General 07/01/2019   658.2 SAP/PL 906685 07/01/2019 Books (General) Book transferred from CoH Library, Acc.No: 17249
  Dewey Decimal Classification     General KAU Central Library, Thrissur KAU Central Library, Thrissur General 07/01/2019   658.2 SAP/PL 906684 07/01/2019 Books (General) Book transferred from CoH Library, Acc.No: 17248
Kerala Agricultural University Central Library
Thrissur-(Dt.), Kerala Pin:- 680656, India
Ph : (+91)(487) 2372219
E-mail: librarian@kau.in
Website: http://library.kau.in/